Adiciones al corpus dramático español del siglo XVI : (Registro nro. 252435)

Detalles MARC
000 -LEADER
fixed length control field 02800nam a2200517Ii 4500
001 - CONTROL NUMBER
control field DIGEDUNAV0333
003 - CONTROL NUMBER IDENTIFIER
control field NyNyDIG
008 - FIXED-LENGTH DATA ELEMENTS--GENERAL INFORMATION
fixed length control field 190403s2016 sp a ob 000 d spa d
006 - FIXED-LENGTH DATA ELEMENTS--ADDITIONAL MATERIAL CHARACTERISTICS
fixed length control field m o d
007 - PHYSICAL DESCRIPTION FIXED FIELD--GENERAL INFORMATION
fixed length control field cr |||||||||||
035 ## - SYSTEM CONTROL NUMBER
System control number (OCoLC)1091708571
040 ## - CATALOGING SOURCE
Original cataloging agency DGITA
Language of cataloging eng
Description conventions rda
-- pn
Transcribing agency DGITA
020 ## - INTERNATIONAL STANDARD BOOK NUMBER
International Standard Book Number 9781512958171
Qualifying information (eBook)
020 ## - INTERNATIONAL STANDARD BOOK NUMBER
International Standard Book Number 1512958174
Qualifying information (eBook)
020 ## - INTERNATIONAL STANDARD BOOK NUMBER
Canceled/invalid ISBN 9788431331597
020 ## - INTERNATIONAL STANDARD BOOK NUMBER
Canceled/invalid ISBN 8431331593
043 ## - GEOGRAPHIC AREA CODE
Geographic area code e-sp---
050 14 - LIBRARY OF CONGRESS CALL NUMBER
Classification number PQ6218 ebook
082 04 - DEWEY DECIMAL CLASSIFICATION NUMBER
Classification number 862.3
100 1# - MAIN ENTRY--PERSONAL NAME
Personal name Cortijo Ocaña, Antonio,
Relator term author.
245 10 - TITLE STATEMENT
Title Adiciones al corpus dramático español del siglo XVI :
Remainder of title la Comedia de la invención de la sortija, partes I y II (Monforte de Lemos, 1594) /
Statement of responsibility, etc. Antonio Cortijo, Miguel Zugasti.
264 #1 - PRODUCTION, PUBLICATION, DISTRIBUTION, MANUFACTURE, AND COPYRIGHT NOTICE
Place of production, publication, distribution, manufacture Pamplona, España :
Name of producer, publisher, distributor, manufacturer EUNSA, Ediciones Universidad de Navarra, S.A.,
Date of production, publication, distribution, manufacture, or copyright notice [2016]
300 ## - PHYSICAL DESCRIPTION
Extent 1 online resource :
Other physical details illustrations.
336 ## - CONTENT TYPE
Content type term text
Content type code txt
Source rdacontent
337 ## - MEDIA TYPE
Media type term computer
Media type code c
Source rdamedia
338 ## - CARRIER TYPE
Carrier type term online resource
Carrier type code cr
Source rdacarrier
347 ## - DIGITAL FILE CHARACTERISTICS
File type text file
Source rdaft
347 ## - DIGITAL FILE CHARACTERISTICS
Encoding format PDF
500 ## - GENERAL NOTE
General note Play, published for the first time.
504 ## - BIBLIOGRAPHY, ETC. NOTE
Bibliography, etc. note Includes bibliographical references.
520 ## - SUMMARY, ETC.
Summary, etc. The present book recovers from oblivion a pair of theatrical celebrations that the students of the Jesuit college of Monforte (Lugo) represented in 1594 before his protector and patron, Cardinal Don Rodrigo de Castro, who was related to the pre-eminent lineage of the counts we read. The texts are written for the most part in Spanish, but there are also voices with local flavor taken from Galician, nor the inclusion of a comic passage intermix of 52 verses composed entirely in that language, which supposes a substantial contribution to the panorama of the letters Galician in the sixteenth century.
588 0# - SOURCE OF DESCRIPTION NOTE
Source of description note Online resource; title from PDF title page (Digitalia, viewed April 8, 2019)
650 #0 - SUBJECT ADDED ENTRY--TOPICAL TERM
Topical term or geographic name entry element Spanish drama (Comedy)
Chronological subdivision Classical period, 1500-1700.
650 #0 - SUBJECT ADDED ENTRY--TOPICAL TERM
Topical term or geographic name entry element Galician drama (Comedy)
Chronological subdivision Classical period, 1500-1700.
650 #0 - SUBJECT ADDED ENTRY--TOPICAL TERM
Topical term or geographic name entry element Jesuit drama, Spanish.
655 #0 - INDEX TERM--GENRE/FORM
Genre/form data or focus term Electronic books.
700 1# - ADDED ENTRY--PERSONAL NAME
Personal name Zugasti, Miguel,
Dates associated with a name 1962-
Relator term author.
791 2# -
-- Digitalia (Firm),
-- distributor.
730 02 - ADDED ENTRY--UNIFORM TITLE
Relationship information Container of (work):
Uniform title Comedia de la invención de la sortija.
793 0# -
-- Digitalia eBook Collection:
-- Ediciones Universidad de Navarra
776 08 - ADDITIONAL PHYSICAL FORM ENTRY
Relationship information Print version:
Main entry heading Cortijo, Antonio.
Title Adiciones al corpus dramático español del siglo XVI.
Place, publisher, and date of publication Pamplona, España : EUNSA, Ediciones Universidad de Navarra, S.A., 2016
International Standard Book Number 9788431331597
Record control number (OCoLC)969795379
830 #0 - SERIES ADDED ENTRY--UNIFORM TITLE
Uniform title Publicaciones del Departamento de Literatura Hispánica y Teoría de la Literatura.
856 40 - ELECTRONIC LOCATION AND ACCESS
Materials specified Digitalia Hispánica
Uniform Resource Identifier <a href="https://www.digitaliapublishing.com/a/51304/">https://www.digitaliapublishing.com/a/51304/</a>
910 ## - USER-OPTION DATA (OCLC)
User-option data Premium collection: 2019
942 ## - ADDED ENTRY ELEMENTS (KOHA)
Koha item type Recurso Electrónico
Existencias
Withdrawn status Lost status Damaged status Not for loan Collection Home library Current library Date acquired Total checkouts Date last seen Price effective from Koha item type
        Digitalia Ebooks Hispanica Biblioteca Digital UIN Biblioteca Digital UIN 04/25/2025   04/25/2025 04/25/2025 Recurso Electrónico

CONTACTO


NOSOTROS


SITIOS DE INTERES

coordinacion.biblioteca.biblioteca@unienlinea.mx Misión, Visión y Objetivos Bases de datos
Directorio Bibliotecas Digitales y Repositorios
Normatividad Revistas y artículos
Convenios interbibliotecarios
Boletines



Hecho en México. Universidad Insurgentes (UIN). Todos los derechos reservados 2024. Esta página y sus contenidos pueden ser reproducidos con fines no lucrativos, siempre y cuando no se mutile, se cite la fuente completa y su dirección electrónicas. De otra forma requiere permiso previo por escrito de la institución




2024 Copyright Universidad Insurgentes | www.bibliouin.com.mx